Statistiche per [LEGACY] Cultura generale ITA #1

Clicka qui per fare il quiz!

Statistiche generali

  • Questo quiz è stato fatto 547 volte
  • Il punteggio medio è 7 su 20

Statistiche sulle risposte

DomandaRisposta% Corretto
Chi era conosciuto come ''l'eroe dei due mondi"?Giuseppe Garibaldi
84%
Com'é conosciuta la campionessa del mondo di scherma paralimpico?Bebe Vio
72%
Quale famoso fisico é nato a Pisa nel 1564?Galileo Galilei
58%
In quale regione italiana si cucina il pane senza sale?Toscana
55%
Chi venne rapito in via Fani a Roma nel 1978?Aldo Moro
54%
Qual é il secondo fiume piú lungo d'Italia?Adige
52%
Qual é una tipica musica napoletana?Tarantella
51%
Con cosa verrá impiccato Geordie?Corda d'oro
36%
Quale atleta detiene il secondo miglior tempo italiano sui 200 metri maschili dopo Pietro Mennea? (giugno 2022)Filippo Tortu
34%
Quale calciatore italiano esultava suonando il violino?Alberto Gilardino
30%
Qual é il numero massimo di qualsiasi cosa?7
24%
Nella storia della Repubblica Italiana solo due politici sono stati primi ministri di ben sette governi diversi. Quali?Giulio Andreotti
23%
Che cosa é famoso di Anagni?Schiaffo
22%
Quale torta é tipica di Mantova?Sbrisolona
19%
Nella storia della Repubblica Italiana solo due politici sono stati primi ministri di ben sette governi diversi. Quali?Alcide De Gasperi
11%
Nel 1440 il filologo italiano Lorenzo Valla ha dimostrato che un importante documento storico era in realtá un falso. Di che documento si tratta?Donazione di Costantino
11%
Quale premio letterario ha vinto Primo Levi nel 1979 con ''La chiave a stella"?Premio Strega
9%
Quale cittá italiana possiede il sistema di scale mobili per il trasporto pubblico secondo al mondo per lunghezza (dopo quello di Tokyo)?Potenza
7%
Chi attentó alla vita di Napoleone III nel 1858?Felice Orsini
6%
Che cosa dirige Fabiola Gianotti?CERN
5%

Distribuzione punteggi

Percentile per numero di risposta

Percentuale di utenti per punteggio

I tuoi punteggi nel tempo

Non hai fatto questo quiz